| 000 | 00764nam a2200301 a 4500 | ||
|---|---|---|---|
| 003 | AR-BaBNM | ||
| 005 | 20251128205116.0 | ||
| 008 | 082120s2002 ||||||||||||||000 | spa|| | ||
| 020 | _a950-581-633-2 | ||
| 040 | _cAR-BaBNM | ||
| 100 | 1 | _aCaron, Bettina | |
| 245 | 0 | 0 |
_aEscribir con humor _bjuegos literarios en el taller |
| 250 | _a1ª ed. | ||
| 260 |
_aBuenos Aires _bColihue _c1996 |
||
| 300 | _a151 p. | ||
| 490 | 0 | _aNuevos caminos | |
| 650 | 4 | _aMETODOS DE ENSEÑANZA | |
| 650 | 4 | _aADOLESCENTES | |
| 650 | 4 | _aCREATIVIDAD | |
| 650 | 4 | _aJUEGOS EDUCATIVOS | |
| 650 | 4 | _aTALLERES | |
| 650 | 4 | _aHUMOR | |
| 653 | _aENSENANZA DE LA LENGUA | ||
| 653 | _aEDUCACION SECUNDARIA | ||
| 700 | 1 | _aCaron, Carlos María | |
| 942 | _cBK | ||
| 998 | _cCarmen | ||
| 999 |
_c10022 _d10022 |
||